|
|
|
|
| LEADER |
02552nam a2200385 a 4500 |
| 001 |
14809700 |
| 008 |
00818s2010 ohua 001 0 eng d |
| 010 |
|
|
|a 2007927013
|
| 020 |
|
|
|a 9781439038871
|
| 020 |
|
|
|a 1439038872
|
| 040 |
|
|
|a DLC
|c DLC
|d DLC
|d BD-DhAAL
|
| 082 |
0 |
0 |
|a 332
|2 22
|
| 100 |
1 |
|
|a Madura, Jeff.
|
| 245 |
1 |
0 |
|a Financial institutions and markets /
|c Jeff Madura.
|
| 250 |
|
|
|a 9th ed.
|
| 260 |
|
|
|a Australia ;
|a Cincinnati, OH :
|b South-Western.,
|c 2010
|
| 300 |
|
|
|a xxvi, 714 p. :
|b col. ill. ;
|c 27 cm.
|
| 500 |
|
|
|a Includes index.
|
| 541 |
1 |
|
|e 00020784
|
| 650 |
|
0 |
|a Financial institutions.
|
| 650 |
|
0 |
|a Capital market.
|
| 650 |
|
0 |
|a Money market.
|
| 852 |
4 |
|
|a Ayesha Abed Library
|j General shelf
|
| 942 |
0 |
0 |
|0 2
|
| 999 |
|
|
|c 9216
|d 9216
|
| 952 |
|
|
|0 0
|1 0
|2 ddc
|4 0
|6 332_MAD_201000000000000
|7 0
|9 11644
|a BRACUL
|b BRACUL
|c GEN
|d 2010-08-18
|l 31
|m 265
|o 332 MAD
|p 3010020784
|q 2025-10-19
|r 2024-11-04
|s 2024-11-04
|t 1
|w 2010-08-18
|y BK
|
| 952 |
|
|
|0 0
|1 0
|2 ddc
|4 0
|6 332_MAD_201000000000000
|7 0
|9 11645
|a BRACUL
|b BRACUL
|c GEN
|d 2010-08-18
|l 33
|m 332
|o 332 MAD
|p 3010020785
|r 2026-01-15
|s 2025-10-09
|t 2
|w 2010-08-18
|y BK
|
| 952 |
|
|
|0 0
|1 0
|2 ddc
|4 0
|6 332_MAD_201000000000000
|7 0
|9 11646
|a BRACUL
|b BRACUL
|c CIR
|d 2010-08-18
|l 14
|m 53
|o 332 MAD
|p 3010020786
|r 2016-05-08
|s 2016-05-08
|t 3
|w 2010-08-18
|y 1HOUR
|
| 952 |
|
|
|0 0
|1 0
|2 ddc
|4 0
|6 332_MAD_201000000000000
|7 0
|9 11676
|a BRACUL
|b BRACUL
|c GEN
|d 2010-08-23
|l 31
|m 272
|o 332 MAD
|p 3010020844
|r 2026-01-19
|s 2025-10-11
|t 4
|w 2010-08-23
|y BK
|
| 952 |
|
|
|0 0
|1 4
|2 ddc
|4 0
|6 332_000000000000000_MAD
|7 0
|9 11677
|a BRACUL
|b BRACUL
|c GEN
|d 2010-08-23
|l 0
|o 332 MAD
|p 3010020845
|r 2010-08-23
|t 5
|w 2010-08-23
|y BK
|x Koha Inventory 2020
|
| 952 |
|
|
|0 0
|1 0
|2 ddc
|4 0
|6 332_MAD
|7 0
|9 19425
|a BRACUL
|b BRACUL
|c GEN
|d 2012-02-12
|e TRIM EDUCATION
|g 4450.00
|l 19
|m 175
|o 332 MAD
|p 3010024487
|q 2025-11-06
|r 2020-01-13
|s 2020-01-13
|t 6
|w 2012-02-15
|y BK
|
| 952 |
|
|
|0 0
|1 0
|2 ddc
|4 0
|6 332_MAD
|7 0
|9 19426
|a BRACUL
|b BRACUL
|c GEN
|d 2012-02-12
|e TRIM EDUCATION
|g 4450.00
|l 23
|m 252
|o 332 MAD
|p 3010024488
|r 2025-11-05
|s 2025-07-17
|t 7
|w 2012-02-15
|y BK
|
| 952 |
|
|
|0 0
|1 0
|2 ddc
|4 0
|6 332_MAD
|7 0
|9 19427
|a BRACUL
|b BRACUL
|c GEN
|d 2012-02-12
|e TRIM EDUCATION
|g 4450.00
|l 27
|m 265
|o 332 MAD
|p 3010024489
|r 2025-08-07
|s 2025-07-09
|t 8
|w 2012-02-15
|y BK
|
| 952 |
|
|
|0 0
|1 4
|2 ddc
|4 0
|6 332_000000000000000_MAD
|7 0
|9 19428
|a BRACUL
|b BRACUL
|c GEN
|d 2012-02-12
|e TRIM EDUCATION
|g 4450.00
|l 1
|o 332 MAD
|p 3010024490
|r 2012-02-23
|s 2012-02-23
|t 9
|w 2012-02-15
|y BK
|x Koha Inventory 2020
|
| 952 |
|
|
|0 0
|1 0
|2 ddc
|4 0
|6 332_MAD
|7 0
|9 19429
|a BRACUL
|b BRACUL
|c GEN
|d 2012-02-12
|e TRIM EDUCATION
|g 4450.00
|l 31
|m 228
|o 332 MAD
|p 3010024491
|r 2025-10-23
|s 2025-10-07
|t 10
|w 2012-02-15
|y BK
|